Literacy Assessment : (Record no. 21692)

000 -LEADER
fixed length control field 01049cam a2200289 a 4500
001 - CONTROL NUMBER
control field 12402632
003 - CONTROL NUMBER IDENTIFIER
control field OSt
005 - DATE AND TIME OF LATEST TRANSACTION
control field 20170123083648.0
008 - FIXED-LENGTH DATA ELEMENTS--GENERAL INFORMATION
fixed length control field 010508s2001 mauab b 001 0 eng d
010 ## - LIBRARY OF CONGRESS CONTROL NUMBER
LC control number 00133855
020 ## - INTERNATIONAL STANDARD BOOK NUMBER
International Standard Book Number 0395888166
035 ## - SYSTEM CONTROL NUMBER
System control number (OCoLC)ocm46449899
040 ## - CATALOGING SOURCE
Original cataloging agency KQY
Transcribing agency KQY
Modifying agency DLC
042 ## - AUTHENTICATION CODE
Authentication code lccopycat
050 00 - LIBRARY OF CONGRESS CALL NUMBER
Classification number LB1576
Item number .C714 2001
100 1# - MAIN ENTRY--PERSONAL NAME
Personal name Cooper, J. David
Fuller form of name (James David),
Dates associated with a name 1942-
245 10 - TITLE STATEMENT
Title Literacy Assessment :
Remainder of title helping teachers plan instruction /
Statement of responsibility, etc. J. David Cooper, Nancy D. Kiger.
260 ## - PUBLICATION, DISTRIBUTION, ETC. (IMPRINT)
Place of publication, distribution, etc. Boston :
Name of publisher, distributor, etc. Houghton Mifflin Co.,
Date of publication, distribution, etc. c2001.
300 ## - PHYSICAL DESCRIPTION
Extent xx, 597 p. :
Other physical details ill. ;
Dimensions 23 cm.
504 ## - BIBLIOGRAPHY, ETC. NOTE
Bibliography, etc Includes bibliographical references (p. 577-583) and indexes.
650 #0 - SUBJECT ADDED ENTRY--TOPICAL TERM
Topical term or geographic name as entry element Language arts
General subdivision Ability testing.
650 #0 - SUBJECT ADDED ENTRY--TOPICAL TERM
Topical term or geographic name as entry element Literacy.
650 #0 - SUBJECT ADDED ENTRY--TOPICAL TERM
Topical term or geographic name as entry element Reading
General subdivision Ability testing.
650 #0 - SUBJECT ADDED ENTRY--TOPICAL TERM
Topical term or geographic name as entry element Lesson planning.
700 1# - ADDED ENTRY--PERSONAL NAME
Personal name Kiger, Nancy D.
906 ## - LOCAL DATA ELEMENT F, LDF (RLIN)
a 7
b cbc
c copycat
d 3
e ncip
f 20
g y-gencatlg
942 ## - ADDED ENTRY ELEMENTS (KOHA)
Source of classification or shelving scheme
Koha item type Hard Covered Materials
Classification part LB 1576 .C714 2001
Holdings
Withdrawn status Lost status Source of classification or shelving scheme Damaged status Not for loan Home library Current library Shelving location Date acquired Source of acquisition Total Checkouts Full call number Barcode Date last seen Price effective from Koha item type
          MACHAKOS UNIVERSITY LIBRARY MACHAKOS UNIVERSITY LIBRARY Technical section 23/01/2017 Donation(B.F.A)   LB 1576 .C714 2001 31396 13/07/2018 23/01/2017 Hard Covered Materials
© Machakos University Library, Along The Highway, Machakos Wote Rd, Machakos, Kenya P.O. Box 136 - 90100 Machakos - Kenya

Tel: ( +254 ) 723 805829 OR Fax : 044-20353 OR Email: library@mksu.ac.ke